Orientaciones para la reducción de la deforestación y degradación de los bosques : (Registro nro. 19513)
[ vista simple ]
| 000 -CABECERA | |
|---|---|
| Campo de control | 01219nam a2200253 a 4500 |
| 005 - FECHA Y HORA DE LA ULTIMA TRANSACCION | |
| Campo de control | 20180803170403.0 |
| 008 - ELEMENTOS DE LONGITUD FIJA—INFORMACION GENERAL | |
| Campo de control | 170531s2016 ck ado||r|||| 00| 0 spa d |
| 020 ## - ISBN | |
| ISBN | 9789585951341 |
| 040 ## - FUENTE DE CATALOGACIÓN | |
| Agencia catalogadora original | CO-BoIAVH |
| Agencia transcriptora | CO-BoIAVH |
| 041 0# - IDIOMA | |
| Código de idioma para texto/pista de sonido o título separado | Español |
| 044 ## - PAÍS DE PUBLICACIÓN | |
| País de publicación | Colombia |
| 082 04 - NUMERO DE CLASIFICACION DECIMAL DEWEY | |
| Número de clasificación | 333.7516 |
| Número del ítem | O69r |
| 245 00 - MENCION DE TITULO | |
| Título | Orientaciones para la reducción de la deforestación y degradación de los bosques : |
| Parte restante del título | ejemplo de la utilización de estudios de motores de deforestación en la planeación territorial para la Amazonia colombiana / |
| Mención de responsabilidad | Luis Carlos Peña Briceño [y otros 10] |
| 260 ## - PUBLICACION, DISTRIBUCION, ETC. (PIE DE IMPRENTA) | |
| Lugar de publicación, distribución, etc. | Bogotá (Colombia) : |
| Nombre del editor, distribuidor, etc. | Instituto Amazónico de Investigaciones Científicas - Sinchi : |
| -- | GIZ, |
| Fecha de publicación, distribución, etc. | 2016. |
| 300 ## - DESCRIPCION FISICA | |
| Extensión | 81 páginas : |
| Otros detalles físicos | ilustraciones, gráficas, tablas y fotografías a color ; |
| Dimensiones | 22 x 20 cm. |
| 504 ## - NOTA DE BIBLIOGRAFIA, ETC. | |
| Nota de bibliografía | Incluye referencias bibliográficas: páginas 79-81. |
| 650 26 - ASIENTO SECUNDARIO DE MATERIA - TERMINO TEMATICO | |
| Término temático o nombre geográfico como elemento de entrada | Conservación de bosques |
| 9 (RLIN) | 100953 |
| 650 26 - ASIENTO SECUNDARIO DE MATERIA - TERMINO TEMATICO | |
| Término temático o nombre geográfico como elemento de entrada | Bosques |
| Subdivisión general | Deforestación |
| 9 (RLIN) | 81742 |
| 650 26 - ASIENTO SECUNDARIO DE MATERIA - TERMINO TEMATICO | |
| Término temático o nombre geográfico como elemento de entrada | Bosques |
| Subdivisión general | degradación forestal |
| 9 (RLIN) | 81743 |
| 651 #4 - ASIENTO SECUNDARIO DE MATERIA - NOMBRE GEOGRAFICO | |
| Nombre geográfico | Amazonia (Región, Colombia) |
| 9 (RLIN) | 81744 |
| 700 1# - ASIENTO SECUNDARIO - NOMBRE PERSONAL | |
| Nombre personal | Peña Briceño, Luis Carlos |
| Término de relación | fotografías |
| 9 (RLIN) | 81740 |
| 710 2# - ASIENTO SECUNDARIO - NOMBRE CORPORATIVO | |
| Nombre corporativo o de jurisdicción como elemento de entrada | Instituto Amazónico de Investigaciones Científicas (Sinchi) |
| 9 (RLIN) | 480 |
| 942 ## - ELEMENTOS ADICIONALES (KOHA) | |
| Sistema de clasificación | Dewey Decimal Classification |
| Tipo de ítem | Libro |
| Koha issues (borrowed), all copies | 1 |
| Withdrawn status | Lost status | Sistema de Clasificación | Damaged status | No para préstamo | Colección | Inventariado | Ubicación Permanente | Ubicación actual | Fecha de adquisición | Fuente de Valor | Valor | Total Checkouts | Número topográfico | Inventario / Código de Barras | Date last seen | Date checked out | Ejemplar | Price effective from | Forma de adquisición | Tipo de material |
|---|---|---|---|---|---|---|---|---|---|---|---|---|---|---|---|---|---|---|---|---|
| Dewey Decimal Classification | General | Inventariado 2017 | Bogotá | Bogotá | 31/05/2017 | Instituto | 39000.00 | 1 | LB-333.7516 O69r | 041305 | 04/10/2017 | 04/10/2017 | Ej. 1 | 31/05/2017 | Donación | Libro |